|
|
|
|
| LEADER |
00000n a2a2200000 4500 |
| 001 |
388137 |
| 005 |
20231101063713.0 |
| 035 |
|
|
|a (RuTPU)RU\TPU\prd\18918
|
| 090 |
|
|
|a 388137
|
| 100 |
|
|
|a 20031022a2003 k y0rusy50 ca
|
| 101 |
0 |
|
|a rus
|
| 102 |
|
|
|a RU
|
| 200 |
1 |
|
|a Экологические приоритеты в нефтедобывающей отрасли Республики Татарстан
|f Ш. Ф. Татаутдинов, Р. М. Гареев, Р. Р. Ибатуллин, В. И. Зайцев
|
| 225 |
1 |
|
|a Экологическая и промышленная безопасность
|
| 461 |
|
1 |
|0 (RuTPU)RU\TPU\prd\1638
|x 0028-2448
|t Нефтяное хозяйство
|o научно-технический производственный журнал
|d 1925-1940, 1946-
|
| 463 |
|
1 |
|0 (RuTPU)RU\TPU\prd\18440
|t № 8
|v С. 72-74
|d 2003
|
| 610 |
1 |
|
|a нефтедобывающие отрасли
|
| 610 |
1 |
|
|a Татарстан
|
| 610 |
1 |
|
|a экологическая безопасность
|
| 610 |
1 |
|
|a промышленная безопасность
|
| 675 |
|
|
|a 622.276
|v 3
|
| 701 |
|
1 |
|a Татаутдинов
|b Ш. Ф.
|
| 701 |
|
1 |
|a Гареев
|b Р. М.
|
| 701 |
|
1 |
|a Ибатуллин
|b Р. Р.
|
| 701 |
|
1 |
|a Зайцев
|b В. И.
|
| 801 |
|
1 |
|a RU
|b 63413507
|c 20031022
|g PSBO
|
| 801 |
|
2 |
|a RU
|b 63413507
|c 20131028
|g RCR
|
| 942 |
|
|
|c BK
|